000
00326nam a2200133Ia 4500
008
240624s9999 xx 000 0 und d
041
_a
eng
082
_a
823 ADA
100
_a
ADAMS DOUGLAS
245
_a
HITCHHIKER S GUIDE TO THE GALAXY
260
_c
2009
_a
London
_b
Macmillan
300
_a
183 : p. : cm. ; 20
365
_c
RS
999
_c
21603
_d
21603